Holtversenyben első a JATE

Elmentve itt :
Bibliográfiai részletek
Szerző: Szalay Zoltán
Dokumentumtípus: Cikk
Megjelent: 1979
Sorozat:Szegedi Egyetem 17 No. 5
Kulcsszavak:Sport - egyetemi, Tömegsport, Tudományegyetemek Tömegsport Kupája
Online Access:http://univ.bibl.u-szeged.hu/14582
LEADER 00657nab a2200193 i 4500
001 univ14582
005 20240729134419.0
008 180216s1979 hu o 000 hun d
022 |a 0230-791X 
040 |a SZTE UnivHistória Repozitórium  |b hun 
041 |a hun 
100 1 |a Szalay Zoltán 
245 1 0 |a Holtversenyben első a JATE  |h [elektronikus dokumentum] /  |c  Szalay Zoltán 
260 |c 1979 
300 |a 7 
490 0 |a Szegedi Egyetem  |v 17 No. 5 
561 |a Egyetemi, hallgatói élet 
695 |a Sport - egyetemi, Tömegsport, Tudományegyetemek Tömegsport Kupája 
856 4 0 |u http://univ.bibl.u-szeged.hu/14582/1/sze_1979_005_007.pdf  |z Dokumentum-elérés